Deutsche Staatsflaggen - Statistiken

Allgemein
  • Dieses Quiz wurde 87 mal gespielt
  • Das Durchschnittsergebnis liegt bei 12 aus 16
Antwortstatistiken
Bildquiz Antwort % Korrekt
Bayern
95%
Berlin
94%
Hamburg
85%
Niedersachsen
84%
Sachsen-Anhalt
78%
Brandenburg
75%
Baden-Württemberg
72%
Nordrhein-Westfalen
72%
Rheinland-Pfalz
72%
Saarland
72%
Sachsen
72%
Bremen
69%
Hessen
69%
Thüringen
68%
Mecklenburg-Vorpommern
65%
Schleswig-Holstein
63%
Keine übereinstimmenden Quizze gefunden
Verteilung der Resultate
Anzahl Personen mit jedem Resultat
Perzentil nach korrekt beantworteten Fragen
Ihre Resultats-Entwicklung
Sie haben dieses Quiz noch nicht gespielt